00715nam a2200205Ia 4500003000900000008004100009020001900050040001600069080001600085100002600101245010200127250001200229260003800241300001500279650002700294700003000321942000700351999001700358952013400375IN-BaIIA211028s9999 xx 000 0 eng d a978-0074620250 cIIA Library a535.33bBAN aBanwell, C. N.932400 0aFundamentals of molecular spectroscopycC. N. Banwell and Elaine M Mc Cash  a4th ed. aNew DelhibTata McGraw-Hillc2008 axii, 308p. aMolecular spectroscopy aMc Cash, Elaine M.932401 cBK c17191d17191 00104070aBANbGAUcGENd2009-02-13eSSB g5703.24l0o535.33/ BANp18113r2021-11-05v5703.24w2009-02-13yBKGRs. 5703.24